Riego por gravedad y drenaje de tierras agrícolas / (Registro nro. 13919)

Detalles MARC
000 -LIDER
fixed length control field 01387nam a2200277 a 4500
001 - NÚMERO DE CONTROL
Identificador de número de control 000046523
003 - IDENTIFICACDOR DE NÚMERO DE CONTROL
control field DO-SdBNP
005 - DATE AND TIME OF LATEST TRANSACTION
control field 20211206075553.0
008 - ELEMENTOS DE LONGITUD FIJA
fixed length control field 150821s2015 dr cd 000 0 spa d
020 ## - ISBN
International Standard Book Number 9789945166859
040 ## - FUENTE DE CATALOGACIÓN
Agencia que crea de manera original el registro DO-SdBNP
Idioma de catalogación spa
Agencia que realiza la transcripción BPMSU
082 ## - NÚMERO DE CLASIFICACIÓN DECIMAL DE DEWEY
Classification number 631.587
Item number S71r 2015
Edition number 22
100 1# - ASIENTO PRINCIPAL -- NOMBRE PERSONAL
Nombre personal Sosa Valerio, Ariosto Antonio
245 10 - MENCIÓN DE TITULO
Título Riego por gravedad y drenaje de tierras agrícolas /
Mención de responsabilidad Ariosto Antonio Sosa Valerio.
260 ## - PUBLICACIÓN, DISTRIBUCIÓN, ETC. (PIE DE IMPRENTA)
Lugar de publicación, distribución, etc Santo Domingo :
Nombre del editor, distribuidor, etc. Instituto Politécnico Loyola,
Fecha de publicación, distribución, etc 2015.
300 ## - DESCRIPCIÓN FÍSICA
Extensión 192 p. :
Otros detalles físicos il., gráfs., retrs. ;
Dimensiones 23 cm.
505 0# - NOTA DE CONTENIDO
Texto normalizado de contenido Riego por gravedad --Acondicionamiento del terreno para riego por superficie -- Capacidad de almacenaje de agua de los suelos -- Manejo del Riego a nivel de finca --Métodos de riego -- Riego por inundación -- Diseños de canales de suministro -- Objetivos-- Drenajes -- El saneamiento agrícola -- Deslizamiento superficial del agua -- Métodos de drenaje superficial -- Diseño de la red colectora -- Drenaje de tierras salinas y sódicas -- Drenaje de cultivo en secado
590 ## - NOTA LOCAL
Enlace Inventariado, 2021/VM
650 #4 - ENCABEZAMIENTO DE MATERIA--TEMÁTICO
Término temático o nombre geográfico como elemento de entrada Riego
650 #4 - ENCABEZAMIENTO DE MATERIA--TEMÁTICO
Término temático o nombre geográfico como elemento de entrada Riego
Subdivisión geográfica República Dominicana
650 #4 - ENCABEZAMIENTO DE MATERIA--TEMÁTICO
Término temático o nombre geográfico como elemento de entrada Riego
Subdivisión temática general Clasificación
650 #4 - ENCABEZAMIENTO DE MATERIA--TEMÁTICO
Término temático o nombre geográfico como elemento de entrada Riego
Subdivisión temática general Técnicas
710 2# - ASIENTO SECUNDARIO -- NOMBRE CORPORATIVO
Nombre corporativo o de jurisdicción Instituto Especializado de Estudios Superiores Loyola (San Cristobal, República Dominicana)
910 ## - VALIDACIÓN
Validación VMateo V.
942 ## - ADDED ENTRY ELEMENTS (KOHA)
Source of classification or shelving scheme Dewey Decimal Classification
Koha item type Libros
Existencias
Withdrawn status Lost status Source of classification or shelving scheme Damaged status Not for loan Collection code Home library Current library Date acquired Total Checkouts Full call number Barcode Date last seen Price effective from Koha item type
    Dewey Decimal Classification     Colección Dominicana Biblioteca Pública Metropolitana Salomé Ureña Biblioteca Pública Metropolitana Salomé Ureña 12/06/2021   BPMSU CD 631.587 S71r 2015 BPMSU21120011 12/06/2021 12/06/2021 Libros